000 00550nam a2200181 4500
001 126399
003 ES-MaACL
005 20250822055322.0
007 t|
008 070214s1919 sp r ||||1| spa d
100 1 _aRennert, Hugo Albert.
_996225
245 1 0 _aVida de Lope de Vega (1562-1635) /
_cpor Hugo Albert Rennert y Américo Castro.
260 _aMadrid :
_bSuc. de Hernando,
_c1919.
300 _aVIII, 562 p. ;
_c24 x 16 cm.
700 1 _aCastro, Américo,
_d1885-1972
_9226525
852 _aES-MaACL
_jF-4797
999 _c126399
_d126399